| 000 | 00587nam a2200193 i 4500 | ||
|---|---|---|---|
| 001 | 21508 | ||
| 003 | ES-MaACL | ||
| 005 | 20240529062939.0 | ||
| 007 | t| | ||
| 008 | 021126s1979 sp ||||1| spa d | ||
| 100 | 0 |
_aAlbornoz, Aurora de, _d1926-1990 _919411 |
|
| 245 | 1 | 0 |
_aHacia la realidad creada / _cAurora de Albornoz ; palabras iniciales de Ricardo Gullón. |
| 260 |
_aBarcelona : _bPenínsula, _c1979. |
||
| 300 |
_a240 p. ; _c19 cm. |
||
| 852 |
_aES-MaACL _jA-10692 _bR.99815 |
||
| 852 |
_aES-MaACL _jA-10879/Ej.1 _bR.99991 |
||
| 942 | _2udc | ||
| 999 |
_c21508 _d21508 |
||